000 00572nam a2200193Ia 4500
003 GCL
008 140319s9999 xx 000 0 ara d
040 _aGCL /
_cGCL
082 0 4 _a243
_bم ا
100 1 _aمحمد متولى الشعراوى
245 1 0 _aاهوال يوم القيامة /
_cمحمد متولى الشعراوى
260 _a[S.N] :
_bمكتبة التراث الاسلامى ،
_c1989
300 _a123 ص
490 _a
650 0 4 _aالاسلام
650 0 4 _aاليوم الاخر
650 0 4 _aالقيامة، يوم
942 _2ddc
_cBK
999 _c52827
_d52827